000 00548nam a2200169 i 4500
001 70779
003 ES-MaACL
005 20230906170923.0
007 t|
008 040802s1910 sp ||||1| spa d
100 1 _aGarrido Atienza, Miguel.
_955688
245 1 4 _aLas capitulaciones para la entrega de Granada /
_cpor Miguel Garrido Atienza.
260 _aGranada :
_b[s.n.,
_c1910] (
_fPaulino Ventura Traveset)
300 _a335 p. ;
_c34 cm.
651 4 _aGranada (Reino)-
_xHistoria-
_y1483-1492 (Conquista)
_9144014
852 _aES-MaACL
_jB-12009
999 _c70779
_d70779